Miasta w Austrii - nagła śmierć - Statystyki

Ogólne statystyki
  • Ten quiz został rozwiązany 65 razy
  • Średni wynik to 7 z 11
Answers on the Grid
Answers color-coded by a green-red scale on the quiz's grid according to % correct below.
Wiedeń
Graz
Linz
Salzburg
Innsbruck
Klagenfurt
Villach
Wels
Sankt Polten
Dornbirn
Sankt Gallen
Winterthur
Darmstadt
Mulheim
Kassel
Neuss
Karlsruhe
Wolos
Arnhem
Steyr
 
Statystyki odpowiedzi
Odpowiedź % Poprawnych
Wiedeń
86%
Innsbruck
84%
Graz
82%
Linz
82%
Salzburg
82%
Villach
59%
Klagenfurt
55%
Sankt Polten
55%
Steyr
37%
Wels
31%
Dornbirn
20%
Nie znaleziono quizów pasujących do podanych kryteriów
Rozkład punktacji
Procent ludzi z każdym wynikiem
Percentyl według liczby udzielonych odpowiedzi
Twoja historia wyników
Nie rozwiązałeś tego quizu